| Tag |
First Indicator |
Second Indicator |
Subfields |
| LEADER |
00000cam a2200000 4500 |
| 001 |
in00000665012 |
| 005 |
20151015092835.0 |
| 008 |
801017r18431843miuab a 00010 eng d |
| 035 |
|
|
|a (OCoLC)06835952
|
| 035 |
|
|
|9 ACY7241AM
|
| 040 |
|
|
|a EEU
|c TXA
|d UtOrBLW
|
| 041 |
1 |
|
|a eng
|a spa
|
| 049 |
|
|
|a TXAI
|
| 090 |
|
|
|a F1230
|b .C85
|
| 092 |
|
|
|a 978.901
|
| 099 |
|
|
|a film
|a B
|a 1512
|a reel
|a 125.2
|
| 100 |
1 |
|
|a Cortés, Hernán,
|d 1485-1547.
|
| 245 |
1 |
4 |
|a The despatches of Hernando Cortes :
|b the conqueror of Mexico, addressed to the emperor Charles V, written during the conquest, and containing a narrative of its events /
|c Now first translated into English from the original Spanish, with an introduction and notes, by G. Folsom.
|
| 264 |
|
1 |
|a New York :
|b Wiley & Putnam,
|c 1843.
|
| 300 |
|
|
|a xii, 431 pages including illustrations, map. ;
|c 25 cm.
|
| 336 |
|
|
|a text
|b txt
|2 rdacontent
|
| 337 |
|
|
|a microform
|b h
|2 rdamedia
|
| 338 |
|
|
|a microfilm reel
|b hd
|2 rdacarrier
|
| 500 |
|
|
|a Contains his 2d, 3d and 4th letters.
|
| 500 |
|
|
|a Microfilm. Ann Arbor, Mich., University Microfilms [n.d.] (American culture series, Reel 125.2)
|
| 500 |
|
|
|a Microform.
|
| 651 |
|
0 |
|a Mexico
|x History
|y Conquest, 1519-1540.
|
| 700 |
1 |
|
|a Folsom, George,
|d 1802-1869.
|
| 999 |
|
|
|a MARS
|
| 999 |
f |
f |
|s 58b3c38b-5602-383f-8217-bdabf7be765f
|i 798b594f-c542-3e37-b787-4176a98cb355
|t 0
|
| 952 |
f |
f |
|p default
|a Texas A&M University
|b College Station
|c Sterling C. Evans Library
|d Evans: Microforms (3rd floor)
|t 0
|e film B 1512 reel 125.2
|h Other scheme
|i microform -- microfilm reel
|
| 998 |
f |
f |
|a film B 1512 reel 125.2
|t 0
|l Evans: Microforms (3rd floor)
|